[Event "CAN-ch U16"]
[Site "Winnipeg"]
[Date "1992.04.03"]
[Round "9"]
[White "Casinathan, Uma"]
[Black "Chan, Sherwin M"]
[Result "1-0"]
[WhiteElo "2013"]
[BlackElo "1571"]
[PlyCount "75"]
[EventDate "1992.03.30"]
[EventType "tourn"]
[EventRounds "9"]
[EventCountry "CAN"]
[SourceTitle "EXT 2022"]
[Source "ChessBase"]
[SourceDate "2021.10.06"]
[SourceVersion "1"]
[SourceVersionDate "2021.10.06"]
[SourceQuality "1"]

1. e4 e5 2. Nf3 Nc6 3. Bc4 Bc5 4. d3 h6 5. Be3 Bxe3 6. fxe3 d6 7. 0-0 Nf6 8. Nc3 Bg4 9. Qe1 Qe7 10. Qg3 0-0-0 11. Nd5 Nxd5 12. Qxg4+ Qe6 13. Qxe6+ fxe6 14. exd5 exd5 15. Bxd5 Ne7 16. Be6+ Kb8 17. e4 g5 18. g4 Ng6 19. Bf5 Nf4 20. Ne1 Rdg8 21. Ng2 Ne2+ 22. Kf2 Nd4 23. c3 Nc6 24. Ne3 h5 25. h3 Ne7 26. Kg3 Rh6 27. Nd5 Nxd5 28. exd5 Rgh8 29. gxh5 Rxh5 30. Bg4 R5h6 31. Rf5 Rg6 32. Raf1 a6 33. Rf8+ Rxf8 34. Rxf8+ Ka7 35. Bh5 Rg7 36. Rf7 Rg8 37. Rxc7 Kb6 38. Rd7 1-0

[Event "CAN-ch U16"]
[Site "Winnipeg"]
[Date "1992.03.30"]
[Round "2"]
[White "Chan, Sherwin M"]
[Black "Wu, Adam"]
[Result "1-0"]
[WhiteElo "1571"]
[BlackElo "1960"]
[PlyCount "129"]
[EventDate "1992.03.30"]
[EventType "tourn"]
[EventRounds "9"]
[EventCountry "CAN"]
[SourceTitle "EXT 2022"]
[Source "ChessBase"]
[SourceDate "2021.10.06"]
[SourceVersion "1"]
[SourceVersionDate "2021.10.06"]
[SourceQuality "1"]

1. e4 c5 2. c3 d6 3. Nf3 Nf6 4. Bd3 Nc6 5. Bc2 e5 6. 0-0 Be7 7. d3 0-0 8. Be3 d5 9. d4 cxd4 10. cxd4 exd4 11. Nxd4 dxe4 12. Nxc6 bxc6 13. Nc3 Ba6 14. Re1 Bd3 15. Qd2 Qd6 16. Bf4 Qb4 17. Bxd3 Rfd8 18. a3 Qa5 19. b4 Qf5 20. Nxe4 Rxd3 21. Qxd3 Qxf4 22. Nxf6+ Bxf6 23. Re4 Qc7 24. Rae1 g6 25. Re8+ Rxe8 26. Rxe8+ Kg7 27. Re1 a5 28. Rd1 axb4 29. axb4 Be5 30. g3 Qb6 31. Qc4 Qc7 32. b5 cxb5 33. Qxc7 Bxc7 34. Rb1 h5 35. Rxb5 Bd8 36. Kg2 Bf6 37. h3 Ba1 38. f4 Bc3 39. g4 hxg4 40. hxg4 Bd2 41. Kf3 Bc3 42. Ke4 Ba1 43. f5 Bf6 44. fxg6 Kxg6 45. Kf4 Bc3 46. Rb6+ f6 47. Rb5 Bd2+ 48. Kf3 Bg5 49. Ke4 Bd2 50. Rf5 Bb4 51. Kf4 Bd6+ 52. Kf3 Ba3 53. Ra5 Bb2 54. Rb5 Be5 55. Kg2 Kh6 56. Kh3 Kg5 57. Rd5 Kf4 58. Kh4 f5 59. g5 Ke4 60. Rd7 Bb2 61. g6 Bf6+ 62. Kg3 f4+ 63. Kf2 Bh4+ 64. Kf1 Bf6 65. g7 1-0